Normal view
MARC view
Entry Corporate Name
001 - CONTROL NUMBER
- control field: 32518
003 - CONTROL NUMBER IDENTIFIER
- control field: ARRUPE
005 - DATE AND TIME OF LATEST TRANSACTION
- control field: 20170612101430.0
008 - FIXED-LENGTH DATA ELEMENTS
- fixed length control field: 170612|| aca||aabn | a|a d
040 ## - CATALOGING SOURCE
- Original cataloging agency: ARRUPE
- Transcribing agency: ARRUPE
110 ## - HEADING--CORPORATE NAME
- Corporate name or jurisdiction name as entry element: Biafran Army.
670 ## - SOURCE DATA FOUND
- Source citation: Work cat.: (ARRUPE)58544: Madiebo, Alexander A. 32517, The Nigerian revolution and the Biafran war /, 1980.